Państwa które pokonują Serbię - Statystyki

Ogólne statystyki
  • Ten quiz został rozwiązany 51 razy
  • Średni wynik to 12 z 15
Statystyki odpowiedzi
Ranking Kategoria Państwo % Poprawnych
7 Najbiedniejsze państwo w Europie Mołdawia / Kosowo / Ukraina / Albania / Bośnia i Hercegowina / Macedonia Północna
100%
4 (remis) Najwięcej sąsiadów w Europie Rosja / Francja / Niemcy / Austria
97%
5 Największe państwo na Bałkanach Turcja / Rumunia / Bułgaria / Grecja
97%
10 Państwo z najludniejszą stolicą zaczynającą się na literę B Tajlandia / Argentyna / Irak / Kolumbia / Liban / Rumunia / Niemcy / Belgia / Węgry
95%
2 Państwo przez które przechodzi dłuższa europejska rzeka Rosja
89%
8 Najludniejsze państwo Bloku Wschodniego (Serbia jest jako Jugosławia) ZSRR / Polska / Rumunia / Czechosłowacja / Węgry / Bułgaria / NRD
87%
10 Najlepsze państwo w siatkówce Polska / Francja / Stany Zjednoczone / Słowenia / Włochy / Japonia / Brazylia / Niemcy / Argentyna
84%
3 Najdłuższa granica z Bułgarią Rumunia / Grecja
84%
5 Najczęściej odwiedzane państwo przez Chorwatów Bośnia i Hercegowina / Niemcy / Włochy / Austria
82%
2 Największa grupa etniczna w Kosowie Albania
76%
5 Najbardziej na południe wysunięte państwo śródlądowe w Europie Macedonia Północna / Watykan / Kosowo / Andora
76%
4 Największy procent prawosławnych Grecja / Mołdawia / Gruzja
68%
4 Najbardziej zaludnione państwo kończące się na -bia Kolumbia / Zambia / Libia
66%
3 Najpóźniej powstałe państwo po 2000 roku Timor Wschodni / Czarnogóra
63%
3 Państwo europejskie z największym procentem ludzi palących Bułgaria / Chorwacja
61%
Nie znaleziono quizów pasujących do podanych kryteriów
Rozkład punktacji
Procent ludzi z każdym wynikiem
Percentyl według liczby udzielonych odpowiedzi
Twoja historia wyników
Nie rozwiązałeś tego quizu